| Tag |
First Indicator |
Second Indicator |
Subfields |
| LEADER |
00000cgm a2200000Mi 4500 |
| 001 |
in00005540939 |
| 006 |
m o c |
| 007 |
cr |n||||||||a |
| 007 |
vz |za|z| |
| 008 |
170614s2014 cau002 e o vueng d |
| 005 |
20241201230040.0 |
| 035 |
|
|
|a (OCoLC)ocn994064923
|
| 040 |
|
|
|a ALSTP
|b eng
|e rda
|e pn
|c ALSTP
|d OCLCO
|d OCLCQ
|d OCLCO
|d CAUOI
|d OCLCF
|d WYU
|d S9I
|d UPM
|d OCLCO
|d OCLCA
|d OCLCO
|d NUI
|
| 019 |
|
|
|a 1430844188
|a 1444017496
|
| 035 |
|
|
|a (OCoLC)994064923
|z (OCoLC)1430844188
|z (OCoLC)1444017496
|
| 049 |
|
|
|a TXAM
|
| 245 |
0 |
0 |
|a Documentation for medical assistants.
|n Part 2,
|p Legal and administrative considerations.
|p Strategies to ensure confidentiality /
|c [produced by Medcom, Inc.].
|
| 264 |
|
1 |
|a [Cypress, California] :
|b Medcom,
|c [2014]
|
| 300 |
|
|
|a 1 online resource (2 min.)
|
| 306 |
|
|
|a 000150
|
| 336 |
|
|
|a two-dimensional moving image
|b tdi
|2 rdacontent
|
| 337 |
|
|
|a video
|b v
|2 rdamedia
|
| 337 |
|
|
|a computer
|b c
|2 rdamedia
|
| 338 |
|
|
|a other
|b vz
|2 rdacarrier
|
| 338 |
|
|
|a online resource
|b cr
|2 rdacarrier
|
| 347 |
|
|
|a data file
|2 rda
|
| 380 |
|
|
|a Videorecording
|
| 490 |
0 |
|
|a Academic Video Online
|
| 500 |
|
|
|a Title from resource description page (viewed June 14, 2017).
|
| 520 |
|
|
|a This instructional video, from the Documentation for Medical Assistants series produced by Medcom, Inc., is about strategies medical assistants can use to make sure information is confidential.
|
| 546 |
|
|
|a In English.
|
| 650 |
|
0 |
|a Medical records
|x Access control.
|
| 650 |
|
0 |
|a Medical assistants
|x Training of.
|
| 650 |
|
0 |
|a Data protection.
|
| 650 |
|
0 |
|a Medical records
|x Security measures.
|
| 650 |
|
6 |
|a Dossiers médicaux
|x Accès
|x Contrôle.
|
| 650 |
|
6 |
|a Secrétaires médicales
|x Formation.
|
| 650 |
|
6 |
|a Protection de l'information (Informatique)
|
| 650 |
|
6 |
|a Dossiers médicaux
|x Sécurité
|x Mesures.
|
| 650 |
|
7 |
|a Data protection.
|2 fast
|0 (OCoLC)fst00887958
|
| 650 |
|
7 |
|a Medical assistants
|x Training of.
|2 fast
|0 (OCoLC)fst01013739
|
| 650 |
|
7 |
|a Medical records
|x Access control.
|2 fast
|0 (OCoLC)fst01014549
|
| 655 |
|
7 |
|a Film excerpts.
|2 fast
|0 (OCoLC)fst01726130
|
| 655 |
|
7 |
|a Instructional films.
|2 fast
|0 (OCoLC)fst01726236
|
| 655 |
|
7 |
|a Instructional films.
|2 lcgft
|
| 655 |
|
7 |
|a Film excerpts.
|2 lcgft
|
| 655 |
|
7 |
|a Films de formation.
|2 rvmgf
|
| 710 |
2 |
|
|a Medcom, inc.,
|e production company.
|
| 856 |
4 |
0 |
|u http://proxy.library.tamu.edu/login?url=https://www.aspresolver.com/aspresolver.asp?MARC;3372411
|z Connect to this streaming video (Alexander Street Press)
|t 0
|
| 955 |
|
|
|a Alexander Street Press subscription streaming video
|
| 994 |
|
|
|a 92
|b TXA
|
| 999 |
f |
f |
|s 84755992-3c41-463e-9d28-571637787a58
|i 14f9af11-7076-4e15-a7e9-41707174e04a
|t 0
|
| 952 |
f |
f |
|a Texas A&M University
|b College Station
|c Electronic Resources
|d Available Online
|t 0
|h Library of Congress classification
|
| 998 |
f |
f |
|t 0
|l Available Online
|